Геофизические методы поисков и разведки месторождений нефти и газа: межвузовский сборник научных трудов

Podrobná bibliografie
Korporativní autor: Пермский государственный университет (ПГУ)
Další autoři: Маловичко А. К. Александр Кириллович (редактор)
Jazyk:ruština
Vydáno: Пермь, ПГУ, 1988
Témata:
Médium: MixedMaterials Kniha
KOHA link:https://koha.lib.tpu.ru/cgi-bin/koha/opac-detail.pl?biblionumber=122691

MARC

LEADER 00000nam0a2200000 4500
001 122691
005 20231031130131.0
020 |a RU  |b 89-11918 
035 |a (RuTPU)RU\TPU\book\132825 
090 |a 122691 
100 |a 20071006d1988 k y0rusy5003 ca 
101 0 |a rus 
102 |a RU 
105 |a a z 001zy 
200 1 |a Геофизические методы поисков и разведки месторождений нефти и газа  |e межвузовский сборник научных трудов  |f Пермский государственный университет (ПГУ); под ред. А. К. Маловичко 
210 |a Пермь  |c ПГУ  |d 1988 
215 |a 110 с.  |c ил. 
320 |a Библиогр. в конце ст. 
610 1 |a геофизическая разведка 
610 1 |a нефтяные месторождения 
610 1 |a газовые месторождения 
610 1 |a поиски 
610 1 |a поисковая геофизика 
610 1 |a разведка 
610 1 |a разведочная геофизика 
675 |a 553.98:550.83  |z rus 
702 1 |a Маловичко  |b А. К.  |g Александр Кириллович  |4 340 
712 0 2 |a Пермский государственный университет (ПГУ)  |2 stltpush  |3 (RuTPU)RU\TPU\col\189 
801 0 |a RU  |b RuMRKP  |c 19950417  |g psbo 
801 1 |a RU  |b 63413507  |c 20071006  |g PSBO 
801 2 |a RU  |b 63413507  |c 20140222  |g PSBO 
942 |c BK